| 000 | 00753nam a2200229 a 4500 | ||
|---|---|---|---|
| 005 | 20240913064032.0 | ||
| 008 | 030313s2001 es r 000 0 spa d | ||
| 020 | _a8470308777 | ||
| 035 | _aUPN01000122879 | ||
| 049 | _aCG | ||
| 050 | 4 |
_aLB1027.23 _bL8.3 |
|
| 100 | 1 |
_aLuzuriaga, Lorenzo, _d1889-1959 _930333 |
|
| 245 | 1 | 3 |
_aLa escuela única / _cLorenzo Luzuriaga ; ed. y estudio introd. Herminio Barreiro Rodríguez. |
| 260 |
_aMadrid : _bBiblioteca Nueva, _c2001. |
||
| 300 | _a141 p. | ||
| 440 | 0 |
_aMemoria y crítica de la educación. _pClásicos de la educación ; _v2 |
|
| 650 | 4 |
_aEscuela activa _94099 |
|
| 650 | 4 |
_aEnseñanza _xMetodología _97684 |
|
| 700 | 1 |
_aBarreiro Rodríguez, Herminio, _eed. |
|
| 905 | _aLibro | ||
| 999 |
_c95062 _d95062 |
||